000 00665 a2200217 4500
999 _c32054
_d32054
003 OSt
005 20260115171226.0
008 260115b ||||| |||| 00| 0 eng d
020 _a978-93-325-7412-0
040 _c.
082 _a658.001
_bR632
100 _91779
_aRobbins, Stephen P.
245 _aFundamentals of Management: Essential Concepts and Applications /
_cby Stephen P. Robbins, Mary Coulter and David De Cenzo
250 _a9th ed.
260 _bPearson India Education Services Pvt Ltd,
_aIndia :
_c2017.
300 _a504 p.
650 0 _997
_aManagement
700 _95597
_aCoulter, Mary
700 _95337
_aCenzo, David De
942 _2ddc
_cBK